000 00432nam a2200157Ia 4500
003 GCL
008 140319s9999 xx 000 0 eng d
040 _aGCL /
_cGCL
082 0 4 _a895.6
_bS T
100 1 _aSTEVENSOM,JOHN
245 1 0 _aTHREE ZEN MASTERS : IKKYU, HAKUIN AND RYOKAN /
_cSTEVENSOM,JOHN
260 _a[S.N] :
_bKODANSHA INTERNATIONAL ،
_c1993
300 _a161 P
650 0 4 _aJAPAN - CIVILIZATION
942 _2ddc
_cBK
999 _c19601
_d19601